000 00686nam a2200241Ia 4500
003 OSt
005 20220925215538.0
006 a|||||r|||| 00| 0
007 ta
008 220923b |||||||| |||| 00| 0 eng d
037 _cGeneral Book
040 _aRTL
_cRTL
_beng
041 _2eng
_aeng
082 _aX9:75.1(X),N7, L5;M2
100 _aMountjoy Alan B
_916361
245 0 _aIndustrialization and developing countries
250 _a5th
260 _aLondon
_bHutchinson UK
_c1982
300 _a256p. Bibp. 237-46
_ccm.
650 _aIndustrial Economy
942 _hX9:75.1(X),N7, L5;M2
_cGB
_2CC
999 _c569126
_d569126